<?xml version="1.0" encoding="UTF-8"?>
<marc:record xmlns:marc="http://www.loc.gov/MARC21/slim">
   <marc:leader>00000nam a2200000 a 4500</marc:leader>
   <marc:datafield ind1=" " ind2=" " tag="653">
      <marc:subfield code="a">ab 12</marc:subfield>
   </marc:datafield>
   <marc:datafield ind1=" " ind2=" " tag="653">
      <marc:subfield code="a">Vietnam</marc:subfield>
   </marc:datafield>
   <marc:datafield ind1=" " ind2=" " tag="653">
      <marc:subfield code="a">Vietnamkrieg</marc:subfield>
   </marc:datafield>
   <marc:datafield ind1=" " ind2=" " tag="653">
      <marc:subfield code="a">DVD</marc:subfield>
   </marc:datafield>
   <marc:datafield ind1=" " ind2=" " tag="653">
      <marc:subfield code="a">Jugendfilm</marc:subfield>
   </marc:datafield>
   <marc:datafield ind1=" " ind2=" " tag="653">
      <marc:subfield code="a">Radiosender</marc:subfield>
   </marc:datafield>
   <marc:datafield ind1="0" ind2="0" tag="245">
      <marc:subfield code="a">Good morning, Vietnam</marc:subfield>
   </marc:datafield>
   <marc:datafield ind1=" " ind2="1" tag="264">
      <marc:subfield code="b">Buena Vista Home Entertainment</marc:subfield>
      <marc:subfield code="c">2002</marc:subfield>
   </marc:datafield>
   <marc:datafield ind1="1" ind2=" " tag="490">
      <marc:subfield code="a">Special Edition</marc:subfield>
   </marc:datafield>
   <marc:datafield ind1="1" ind2=" " tag="520">
      <marc:subfield code="a">Gooooood ... Morning, Vietnam!! Ein Aufschrei hallt durch die grüne Hölle des Dschungels im Vietnamkrieg 1965. Es ist heiß, verdammt heiß und die Stimmung ist auf dem Nullpunkt. Da kommt der Disc-Jockey Adrian Cronauer (Oscar ®-Preisträger ROBIN WILLIAMS, Mrs. Doubtfire, Club der toten Dichter) nach Saigon und bringt mit seiner Radio Show die Stimmung zum Kochen. Über Nacht wird er der absolute Truppenliebling. Die GI?s vergöttern ihn. Die Unverfrorenheit seiner Sprüche und vor allem die Musik aus der Heimat bringen endlich Abwechslung in den Kriegsalltag. Doch seine Vorgesetzten fürchten um die Kampfmoral der Truppen und um ihre Autorität.</marc:subfield>
   </marc:datafield>
</marc:record>
